000 00606nam a2200217 a 4500
999 _c5349
_d5349
001 5349
003 BD-JhCC
005 20171213113946.0
008 171213s1967 e |||| || | 000 0 eng d
035 _a(BD-JhCC)5349
040 _aBD-JhCC
_dBD-JhCC
041 _aeng
082 _a428.496
_bHER 1967
100 _aHerrington, J. O. A.
245 _aEnglish for First Examinations Part Two /
_cJ. O. A. Herrington,
260 _aLondon :
_bHeinemann Educational Books Ltd,
_c1967
300 _a346 p. :
_c20 cm.
650 _aEnglish Language
_xStudy and Teaching
942 _2ddc
_cBK